000 00429nam a2200145 i 4500
001 92350
003 ES-MaACL
005 20230906180942.0
007 t|
008 050225s1929 sp ||||1| spa d
245 0 0 _aLiga española de higiene mental
_b: conclusiones de los trabajos presentados en la segunda reunión.
260 _aMadrid :
_bEnrique Teodoro,
_c1929.
300 _a8 p. ;
_c21 cm.
852 _aES-MaACL
_j1729-F-14
999 _c92350
_d92350